[Event "Taujenai-ch rapid"]
[Site "Taujenai"]
[Date "2023.10.28"]
[Round "3"]
[White "Matulaitis, Mantas"]
[Black "Valantiejus, Vaidotas"]
[Result "0-1"]
[WhiteElo "1476"]
[BlackElo "1922"]
[PlyCount "42"]
[EventDate "2023.10.28"]
[EventType "swiss (rapid)"]
[EventRounds "10"]
[EventCountry "LTU"]
[SourceTitle "Mega2024 Update 01"]
[Source "Chessbase"]
[SourceDate "2023.11.12"]
[SourceVersion "1"]
[SourceVersionDate "2023.11.12"]
[SourceQuality "1"]

1. e4 c5 2. Nf3 e6 3. c3 Nf6 4. d3 d5 5. exd5 Nxd5 6. Be2 Nc6 7. 0-0 Be7 8. Nbd2 0-0 9. Ne4 b6 10. d4 cxd4 11. Nxd4 Bb7 12. Bc4 Ne5 13. Bb3 Ba6 14. Re1 Nd3 15. Nc6 Qc7 16. Nxe7+ Qxe7 17. Qg4 Nxe1 18. Bh6 f5 19. Qg3 fxe4 20. Rxe1 Bd3 21. Bg5 Qf7 0-1

[Event "Sitges op 47th"]
[Site "Sitges"]
[Date "2023.07.28"]
[Round "7"]
[White "Meister, Peter"]
[Black "Valantiejus, Vaidotas"]
[Result "0-1"]
[WhiteElo "2336"]
[BlackElo "2144"]
[PlyCount "44"]
[EventDate "2023.07.22"]
[EventType "swiss"]
[EventRounds "9"]
[EventCountry "ESP"]
[SourceTitle "CBM 215 Extra"]
[Source "ChessBase"]
[SourceDate "2023.09.30"]
[SourceVersion "1"]
[SourceVersionDate "2023.09.30"]
[SourceQuality "1"]

1. d4 d5 2. c4 e6 3. Nf3 a6 4. Bg5 Be7 5. Bxe7 Nxe7 6. Nbd2 0-0 7. g3 Nd7 8. Bg2 c5 9. 0-0 Nc6 10. Rc1 Nxd4 11. cxd5 e5 12. Nxd4 cxd4 13. f4 Nf6 14. Qb3 Qe7 15. Nc4 exf4 16. Nb6 Rb8 17. Rxf4 Qxe2 18. Rxd4 Ng4 19. Re4 Qf2+ 20. Kh1 Qd2 21. Ree1 Nf2+ 22. Kg1 Nd3 0-1

[Event "Sitges op 47th"]
[Site "Sitges"]
[Date "2023.07.24"]
[Round "3"]
[White "Jimenez Garcia, Emanuel"]
[Black "Valantiejus, Vaidotas"]
[Result "1-0"]
[WhiteElo "2437"]
[BlackElo "2144"]
[PlyCount "55"]
[EventDate "2023.07.22"]
[EventType "swiss"]
[EventRounds "9"]
[EventCountry "ESP"]
[SourceTitle "CBM 215 Extra"]
[Source "ChessBase"]
[SourceDate "2023.09.30"]
[SourceVersion "1"]
[SourceVersionDate "2023.09.30"]
[SourceQuality "1"]

1. Nf3 d5 2. g3 Bg4 3. Bg2 Nd7 4. h3 Bh5 5. d4 Ngf6 6. c4 c6 7. 0-0 e6 8. cxd5 cxd5 9. Nc3 a6 10. Ne5 Bd6 11. f4 Bg6 12. Be3 0-0 13. Bf2 Rc8 14. Rc1 b5 15. g4 b4 16. Na4 Rxc1 17. Qxc1 Be4 18. Bf3 Bxf3 19. exf3 Nb8 20. Bh4 Be7 21. Rf2 Ne8 22. Bxe7 Qxe7 23. Rc2 Nd6 24. Rc7 Qh4 25. Kg2 h5 26. Nb6 a5 27. Nc8 Re8 28. Nxd6 1-0

[Event "Sitges op 47th"]
[Site "Sitges"]
[Date "2023.07.23"]
[Round "2"]
[White "Valantiejus, Vaidotas"]
[Black "Lacasa Diaz, Jose Antonio"]
[Result "1/2-1/2"]
[WhiteElo "2144"]
[BlackElo "2360"]
[PlyCount "42"]
[EventDate "2023.07.22"]
[EventType "swiss"]
[EventRounds "9"]
[EventCountry "ESP"]
[SourceTitle "CBM 215 Extra"]
[Source "ChessBase"]
[SourceDate "2023.09.30"]
[SourceVersion "1"]
[SourceVersionDate "2023.09.30"]
[SourceQuality "1"]

1. e4 c5 2. Nf3 d6 3. Bb5+ Bd7 4. c4 Nf6 5. Nc3 g6 6. d4 cxd4 7. Nxd4 Bg7 8. Be3 0-0 9. Bxd7 Qxd7 10. h3 Nc6 11. 0-0 Rfc8 12. b3 Qd8 13. Nde2 a6 14. a4 Rab8 15. Rb1 Nd7 16. Qd2 Nc5 17. Rfd1 Nb4 18. Nd4 Ne6 19. Nde2 Nc5 20. Nd4 Ne6 21. Nde2 Nc5 1/2-1/2

[Event "LTU-ch Rapid"]
[Site "Taujenai"]
[Date "2022.12.04"]
[Round "9"]
[White "Kalinauskas, Rolandas"]
[Black "Valantiejus, Vaidotas"]
[Result "0-1"]
[WhiteElo "1803"]
[BlackElo "2023"]
[PlyCount "58"]
[EventDate "2022.12.03"]
[EventType "swiss (rapid)"]
[EventRounds "10"]
[EventCountry "LTU"]
[SourceTitle "CBM 211 Extra"]
[Source "ChessBase"]
[SourceDate "2023.01.31"]
[SourceVersion "1"]
[SourceVersionDate "2023.01.31"]
[SourceQuality "1"]

1. e4 c5 2. Nf3 e6 3. g3 Nc6 4. Bg2 d5 5. exd5 exd5 6. 0-0 Nf6 7. d4 Be7 8. Nc3 c4 9. Ne5 0-0 10. Bg5 Be6 11. f4 h6 12. Bxf6 Bxf6 13. f5 Bc8 14. Nxd5 Nxe5 15. dxe5 Bxe5 16. f6 gxf6 17. Qf3 f5 18. Rad1 Qg5 19. Rfe1 Bg7 20. Ne7+ Kh8 21. Nxc8 Raxc8 22. Qxb7 Rb8 23. Qxa7 Rxb2 24. Re2 f4 25. gxf4 Qxf4 26. a4 c3 27. a5 Rb4 28. Qd7 Rd4 29. Rxd4 Bxd4+ 0-1

[Event "LTU-ch Rapid"]
[Site "Taujenai"]
[Date "2022.12.04"]
[Round "8"]
[White "Valantiejus, Vaidotas"]
[Black "Dobrovolskis, Vincentas"]
[Result "1-0"]
[WhiteElo "2023"]
[BlackElo "1464"]
[PlyCount "65"]
[EventDate "2022.12.03"]
[EventType "swiss (rapid)"]
[EventRounds "10"]
[EventCountry "LTU"]
[SourceTitle "CBM 211 Extra"]
[Source "ChessBase"]
[SourceDate "2023.01.31"]
[SourceVersion "1"]
[SourceVersionDate "2023.01.31"]
[SourceQuality "1"]

1. e4 e6 2. d4 d5 3. Nd2 c5 4. Ngf3 Nc6 5. exd5 exd5 6. Bb5 Nf6 7. 0-0 Be7 8. dxc5 Bxc5 9. Nb3 Be7 10. h3 0-0 11. c3 a6 12. Bd3 Qc7 13. Re1 h6 14. Be3 b6 15. Nbd4 Bc5 16. Nxc6 Qxc6 17. Nd4 Bxd4 18. Bxd4 Bb7 19. Qf3 Rfe8 20. Bxf6 Qxf6 21. Qxf6 gxf6 22. f4 Re6 23. Bf5 Rxe1+ 24. Rxe1 Kf8 25. Kf2 Re8 26. Rxe8+ Kxe8 27. g3 Ke7 28. Ke3 Kd6 29. Kd4 b5 30. b4 Kc6 31. Bg4 Kd6 32. h4 Bc6 33. Bc8 1-0

[Event "LTU-ch Rapid"]
[Site "Taujenai"]
[Date "2022.12.04"]
[Round "6"]
[White "Valantiejus, Vaidotas"]
[Black "Mickus, Benas"]
[Result "0-1"]
[WhiteElo "2023"]
[BlackElo "1886"]
[PlyCount "92"]
[EventDate "2022.12.03"]
[EventType "swiss (rapid)"]
[EventRounds "10"]
[EventCountry "LTU"]
[SourceTitle "CBM 211 Extra"]
[Source "ChessBase"]
[SourceDate "2023.01.31"]
[SourceVersion "1"]
[SourceVersionDate "2023.01.31"]
[SourceQuality "1"]

1. e4 e6 2. d4 d5 3. Nd2 dxe4 4. Nxe4 Bd7 5. Nf3 Bc6 6. Bd3 Nd7 7. 0-0 Ngf6 8. Ng3 Be7 9. c3 0-0 10. Re1 b6 11. Qe2 Bb7 12. Bd2 c5 13. Rad1 Qc7 14. Bb1 Rfd8 15. Ne5 Nf8 16. Bc1 Rac8 17. h3 cxd4 18. cxd4 Qb8 19. a3 Bd5 20. Bf4 Qb7 21. f3 Bb3 22. Rd2 Nd5 23. Be3 Nxe3 24. Qxe3 Bd5 25. Ne4 Ng6 26. Nc3 Nxe5 27. Qxe5 Bf6 28. Qe3 Qd7 29. Red1 Bb7 30. Ne4 Bxe4 31. fxe4 Qe7 32. Rc2 Rxc2 33. Bxc2 Rc8 34. Bb1 Bg5 35. Qd3 g6 36. Kh1 Bh6 37. Ba2 Rc1 38. Rxc1 Bxc1 39. Qc2 Qg5 40. d5 exd5 41. Bxd5 Qf4 42. Qc8+ Kg7 43. Qc3+ Kh6 44. g3 Qf1+ 45. Kh2 Qf2+ 46. Kh1 Be3 0-1

[Event "Riga Tech Rapid op"]
[Site "Riga"]
[Date "2022.08.14"]
[Round "2"]
[White "Valantiejus, Vaidotas"]
[Black "Abdrlauf, Elham"]
[Result "0-1"]
[WhiteElo "2112"]
[BlackElo "2471"]
[PlyCount "101"]
[EventDate "2022.08.14"]
[EventType "swiss (rapid)"]
[EventRounds "9"]
[EventCountry "LAT"]
[SourceTitle "CBM 209 Extra"]
[Source "ChessBase"]
[SourceDate "2022.09.30"]
[SourceVersion "1"]
[SourceVersionDate "2022.09.30"]
[SourceQuality "1"]

1. e4 c6 2. Nc3 d5 3. Nf3 dxe4 4. Nxe4 Nf6 5. Qe2 Nxe4 6. Qxe4 Nd7 7. Bc4 Nf6 8. Ne5 e6 9. Qe2 b5 10. Bd3 Qc7 11. b3 Bd6 12. Bb2 Nd5 13. g3 Nb4 14. 0-0 Nxd3 15. Nxd3 0-0 16. Be5 f6 17. Bxd6 Qxd6 18. b4 e5 19. Rfe1 Bf5 20. Nc5 a5 21. c3 axb4 22. cxb4 Ra3 23. Rec1 Rfa8 24. d3 Qd5 25. Rc2 Bxd3 26. Nxd3 Rxd3 27. Rac1 Rd8 28. Rxc6 Rd2 29. Qe1 Qxa2 30. Rc8 Qd5 31. Rxd8+ Qxd8 32. Qe4 Rd1+ 33. Rxd1 Qxd1+ 34. Kg2 Qd7 35. h4 g6 36. h5 Kg7 37. hxg6 hxg6 38. Kg1 Kf7 39. Kg2 Kg7 40. Kg1 Qe7 41. Qe1 f5 42. Qc3 Qd6 43. Kg2 Kf6 44. f4 Ke6 45. fxe5 Qd5+ 46. Kf2 g5 47. Qc8+ Kxe5 48. Qe8+ Kd4 49. Qe3+ Kc4 50. Qxg5 Kxb4 51. Qf6 0-1

[Event "Ceske Budejovice op-A"]
[Site "Ceske Budejovice"]
[Date "2022.07.09"]
[Round "9"]
[White "Valantiejus, Vaidotas"]
[Black "Palchuk, Andrii"]
[Result "0-1"]
[WhiteElo "2062"]
[BlackElo "2248"]
[PlyCount "64"]
[EventDate "2022.07.01"]
[EventType "swiss"]
[EventRounds "9"]
[EventCountry "CZE"]
[SourceTitle "CBM 209 Extra"]
[Source "ChessBase"]
[SourceDate "2022.09.30"]
[SourceVersion "1"]
[SourceVersionDate "2022.09.30"]
[SourceQuality "1"]

1. e4 c5 2. Nf3 Nc6 3. Bb5 g6 4. Bxc6 dxc6 5. d3 Qc7 6. Nc3 e5 7. Be3 Nf6 8. h3 Nh5 9. g3 Be7 10. Qd2 Ng7 11. Ne2 b6 12. 0-0-0 Ba6 13. Qc3 f6 14. Qb3 Qd7 15. g4 Bd6 16. Ne1 0-0-0 17. f4 h5 18. fxe5 fxe5 19. gxh5 Rxh5 20. h4 Rf8 21. Rg1 Qe8 22. Bg5 Ne6 23. Ng3 Rhh8 24. c3 Nxg5 25. hxg5 Qe7 26. Kb1 Kc7 27. Nc2 Rf3 28. c4 Bc8 29. Nf1 Rhh3 30. Ne1 Rf2 31. Rd2 Qf7 32. Rxf2 Qxf2 0-1

[Event "LTU-ch sf"]
[Site "Vilnius"]
[Date "2022.04.11"]
[Round "6"]
[White "Juknis, Paulius"]
[Black "Valantiejus, Vaidotas"]
[Result "1/2-1/2"]
[WhiteElo "2169"]
[BlackElo "2076"]
[PlyCount "31"]
[EventDate "2022.04.08"]
[EventType "swiss"]
[EventRounds "9"]
[EventCountry "LTU"]
[SourceTitle "CBM 207 Extra"]
[Source "ChessBase"]
[SourceDate "2022.05.31"]
[SourceVersion "1"]
[SourceVersionDate "2022.05.31"]
[SourceQuality "1"]

1. c4 g6 2. g3 c5 3. Bg2 Bg7 4. Nc3 Nc6 5. Nf3 d6 6. 0-0 Bf5 7. h3 Qd7 8. Kh2 e5 9. d3 h6 10. a3 Nge7 11. Ne1 0-0 12. Nc2 Be6 13. Nd5 f5 14. e3 Rae8 15. Rb1 Kh7 16. b4 1/2-1/2

[Event "LTU-ch sf"]
[Site "Vilnius"]
[Date "2022.04.09"]
[Round "2"]
[White "Gedvilaite, Barbora"]
[Black "Valantiejus, Vaidotas"]
[Result "0-1"]
[WhiteElo "1096"]
[BlackElo "2076"]
[PlyCount "80"]
[EventDate "2022.04.08"]
[EventType "swiss"]
[EventRounds "9"]
[EventCountry "LTU"]
[SourceTitle "CBM 207 Extra"]
[Source "ChessBase"]
[SourceDate "2022.05.31"]
[SourceVersion "1"]
[SourceVersionDate "2022.05.31"]
[SourceQuality "1"]

1. e4 c5 2. Nf3 e6 3. Nc3 a6 4. a4 Nc6 5. Be2 Nf6 6. d4 cxd4 7. Nxd4 Bb4 8. Nxc6 bxc6 9. Bf3 e5 10. 0-0 h6 11. Bd2 Bc5 12. Rb1 a5 13. Na2 0-0 14. c3 Ba6 15. Re1 d5 16. exd5 e4 17. Be2 Qb6 18. Rf1 e3 19. fxe3 Bxe3+ 20. Kh1 Bxd2 21. Bxa6 Bg5 22. Bd3 Nxd5 23. Rf3 Rad8 24. h3 Ne3 25. Qe2 Rfe8 26. Nc1 Nd5 27. Qf1 Re7 28. Rf2 Ne3 29. Qg1 Red7 30. Rf3 Nd5 31. Bf5 Re7 32. Nd3 Qxg1+ 33. Rxg1 g6 34. h4 Be3 35. Rgf1 gxf5 36. Rg3+ Kf8 37. Rxf5 Rde8 38. Rgf3 Bb6 39. Rh5 Bc7 40. g3 Re3 0-1

[Event "Taujenai Manor Cup"]
[Site "Taujenai"]
[Date "2021.11.28"]
[Round "9"]
[White "Valantiejus, Vaidotas"]
[Black "Stremavicius, Pijus"]
[Result "0-1"]
[WhiteElo "1962"]
[BlackElo "2175"]
[PlyCount "78"]
[EventDate "2021.11.27"]
[EventType "swiss (rapid)"]
[EventRounds "9"]
[EventCountry "LTU"]
[SourceTitle "EXT 2023"]
[Source "ChessBase"]
[SourceDate "2022.10.05"]
[SourceVersion "1"]
[SourceVersionDate "2022.10.05"]
[SourceQuality "1"]

1. e4 c6 2. d4 g6 3. f4 d5 4. e5 h5 5. Nf3 Nh6 6. Bd3 Bg4 7. 0-0 Nf5 8. c3 e6 9. h3 Bxf3 10. Qxf3 h4 11. Be3 Qb6 12. b3 c5 13. Bxf5 gxf5 14. Nd2 Nc6 15. Qf2 cxd4 16. cxd4 Ba3 17. Nf3 Kd7 18. Bc1 Be7 19. Bb2 Rac8 20. Rac1 Nb4 21. Qe3 Nxa2 22. Rxc8 Rxc8 23. Ng5 Rc2 24. Ba1 Ke8 25. Qf3 Qb5 26. Qh5 Bxg5 27. Qxg5 Qe2 28. Qg8+ Ke7 29. Qg5+ Kd7 30. Qg7 Kc6 31. b4 Nxb4 32. Rb1 Nd3 33. Bc3 Qe3+ 34. Kh1 Nf2+ 35. Kh2 Qxf4+ 36. Kg1 Nxh3+ 37. Kh1 Rc1+ 38. Rxc1 Qxc1+ 39. Kh2 Qg1+ 0-1

[Event "Taujenai Manor Cup"]
[Site "Taujenai"]
[Date "2021.11.27"]
[Round "3"]
[White "Valantiejus, Vaidotas"]
[Black "Juknis, Paulius"]
[Result "1/2-1/2"]
[WhiteElo "1962"]
[BlackElo "2059"]
[PlyCount "232"]
[EventDate "2021.11.27"]
[EventType "swiss (rapid)"]
[EventRounds "9"]
[EventCountry "LTU"]
[SourceTitle "EXT 2023"]
[Source "ChessBase"]
[SourceDate "2022.10.05"]
[SourceVersion "1"]
[SourceVersionDate "2022.10.05"]
[SourceQuality "1"]

1. e4 g6 2. d4 Bg7 3. Nc3 d6 4. Be3 a6 5. f4 Nf6 6. Nf3 0-0 7. Bd3 b6 8. e5 Ng4 9. Bg1 c5 10. Be4 Ra7 11. h3 Nh6 12. dxc5 bxc5 13. Qd2 Rd7 14. Qe2 d5 15. Nxd5 Rxd5 16. Bxd5 Qxd5 17. Rd1 Qc6 18. Bf2 Be6 19. 0-0 Nd7 20. Ng5 Bd5 21. Be1 Nb6 22. b3 f6 23. Nf3 Nf7 24. exf6 Bxf6 25. c4 Bxf3 26. Rxf3 e5 27. fxe5 Nxe5 28. Rf1 Nf7 29. Bg3 Bd4+ 30. Kh1 Nd7 31. Rde1 Nf6 32. Qe6 Qxe6 33. Rxe6 Nh5 34. Bh2 a5 35. g4 Ng7 36. Ra6 Re8 37. Rxa5 Ng5 38. h4 Ne4 39. Ra7 Nf2+ 40. Kg2 Nxg4 41. Rff7 Ne3+ 42. Kf3 Nef5 43. h5 gxh5 44. Bf4 h4 45. Kg4 Ne3+ 46. Kxh4 Re4 47. Kg5 Ne6+ 48. Kh6 Rxf4 49. Rxf4 Nxf4 50. Rxh7 Nf5+ 51. Kg5 Kxh7 52. Kxf5 Nd3 53. Ke6 Nc1 54. b4 cxb4 55. Kd5 Bf2 56. c5 Nd3 57. c6 Bg3 58. Kc4 Ne5+ 59. Kxb4 Nxc6+ 60. Kc5 Na5 61. Kb5 Be1 62. a4 Kg6 63. Kc5 Kf5 64. Kd5 Bd2 65. Kd4 Ke6 66. Kc5 Kd7 67. Kd5 Kc7 68. Kd4 Kc6 69. Kd3 Bb4 70. Kd4 Be1 71. Kd3 Kc5 72. Ke2 Bc3 73. Kd3 Bf6 74. Ke4 Kb4 75. Kf5 Bc3 76. Ke4 Kxa4 77. Kd5 Kb5 78. Ke4 Kc4 79. Ke3 Nb3 80. Ke4 Nc5+ 81. Ke3 Kd5 82. Kf4 Ke6 83. Ke3 Ke5 84. Kf3 Bd4 85. Kg4 Nd7 86. Kf3 Nf6 87. Ke2 Ke4 88. Kd2 Nd5 89. Kc2 Ke3 90. Kb3 Kd3 91. Ka4 Kc4 92. Ka5 Nb4 93. Ka4 Bb2 94. Ka5 Nd5 95. Ka6 Kc5 96. Kb7 Nb6 97. Kc7 Bf6 98. Kb7 Be5 99. Ka6 Kc6 100. Ka7 Bd6 101. Ka6 Bb4 102. Ka7 Nd7 103. Ka8 Ba5 104. Ka7 Bc7 105. Ka8 Ba5 106. Ka7 Nb6 107. Kb8 Nd5 108. Ka7 Bd8 109. Kb8 Nb6 110. Ka7 Nc8+ 111. Kb8 Nd6 112. Ka7 Bb6+ 113. Kb8 Nb5 114. Ka8 Nc7+ 115. Kb8 Bc5 116. Kc8 Ba7 1/2-1/2

[Event "Suwalki Warakomska Memorial 5th"]
[Site "Suwalki"]
[Date "2021.08.01"]
[Round "7"]
[White "Valantiejus, Vaidotas"]
[Black "Kaczmarek, Arkadiusz"]
[Result "1/2-1/2"]
[WhiteElo "2124"]
[BlackElo "2147"]
[PlyCount "96"]
[EventDate "2021.07.27"]
[EventType "swiss"]
[EventRounds "9"]
[EventCountry "POL"]
[SourceTitle "CBM 203 Extra"]
[Source "ChessBase"]
[SourceDate "2021.09.30"]
[SourceVersion "1"]
[SourceVersionDate "2021.09.30"]
[SourceQuality "1"]

1. e4 e6 2. d4 d5 3. Nd2 Nf6 4. e5 Nfd7 5. Bd3 c5 6. c3 Nc6 7. Ne2 cxd4 8. cxd4 f6 9. exf6 Nxf6 10. 0-0 Bd6 11. Nf3 Qc7 12. h3 0-0 13. Be3 Bd7 14. Rc1 Rae8 15. Nc3 a6 16. a3 Qb8 17. Re1 Kh8 18. Bb1 b5 19. Qd3 Re7 20. Bg5 Ref7 21. Bh4 Bf4 22. Ng5 Bxg5 23. Bxg5 g6 24. Bh6 Rg8 25. Qd2 Nh5 26. Ne2 Qd8 27. Bg5 Qb6 28. Qe3 Rgf8 29. Bh6 Re8 30. f4 Nf6 31. Red1 Ng8 32. Bg5 Kg7 33. Kh2 h6 34. Bh4 e5 35. Qg3 Nxd4 36. Nxd4 exd4 37. Qf2 Re3 38. Bg3 Nf6 39. Qd2 Ne4 40. Bxe4 Rxe4 41. b4 Kh7 42. Rc5 Qe6 43. Kg1 Qf5 44. Qf2 g5 45. Rxd4 Rxd4 46. Qxd4 gxf4 47. Bf2 Be6 48. Qc3 Qg6 1/2-1/2

[Event "Suwalki Warakomska Memorial 5th"]
[Site "Suwalki"]
[Date "2021.07.31"]
[Round "6"]
[White "Valantiejus, Vaidotas"]
[Black "Golecki, Jan"]
[Result "0-1"]
[WhiteElo "2124"]
[BlackElo "2161"]
[PlyCount "70"]
[EventDate "2021.07.27"]
[EventType "swiss"]
[EventRounds "9"]
[EventCountry "POL"]
[SourceTitle "CBM 203 Extra"]
[Source "ChessBase"]
[SourceDate "2021.09.30"]
[SourceVersion "1"]
[SourceVersionDate "2021.09.30"]
[SourceQuality "1"]

1. e4 e5 2. Nf3 Nc6 3. Bc4 Bc5 4. 0-0 Nf6 5. d3 d6 6. c3 Bg4 7. Re1 a6 8. a4 0-0 9. Nbd2 Kh8 10. h3 Be6 11. Ng5 Bxc4 12. Nxc4 d5 13. exd5 Qxd5 14. Qe2 Rad8 15. Ne4 Be7 16. Nxf6 Bxf6 17. Rd1 Be7 18. Be3 Qe6 19. f3 Rd5 20. Bf2 Qg6 21. Ne3 Rd7 22. Nc4 Bf6 23. Rd2 Rfd8 24. Rad1 Bg5 25. Be3 f6 26. Bxg5 Qxg5 27. b4 Ne7 28. d4 Nd5 29. dxe5 Nxc3 30. Rxd7 Nxe2+ 31. Kf2 Rxd7 32. Rxd7 fxe5 33. Nxe5 Kg8 34. Nf7 Qf6 35. Rxc7 Qb6+ 0-1

[Event "Suwalki Warakomska Memorial 5th"]
[Site "Suwalki"]
[Date "2021.07.30"]
[Round "5"]
[White "Kacprzak, Karol1111"]
[Black "Valantiejus, Vaidotas"]
[Result "1/2-1/2"]
[WhiteElo "2151"]
[BlackElo "2124"]
[PlyCount "102"]
[EventDate "2021.07.27"]
[EventType "swiss"]
[EventRounds "9"]
[EventCountry "POL"]
[SourceTitle "CBM 203 Extra"]
[Source "ChessBase"]
[SourceDate "2021.09.30"]
[SourceVersion "1"]
[SourceVersionDate "2021.09.30"]
[SourceQuality "1"]

1. d4 d5 2. c4 e6 3. Nc3 c5 4. cxd5 exd5 5. Nf3 Nc6 6. dxc5 d4 7. Na4 Bxc5 8. Nxc5 Qa5+ 9. Bd2 Qxc5 10. Rc1 Qb6 11. e3 Nf6 12. Bc4 0-0 13. 0-0 Bg4 14. exd4 Rad8 15. Bc3 Ne5 16. Be2 Nxf3+ 17. Bxf3 Bxf3 18. Qxf3 Nd5 19. Rfe1 h6 20. Re5 Qd6 21. Rce1 Qc6 22. h3 Rd6 23. Rf5 Qd7 24. Rfe5 Qc6 25. Rf5 Qd7 26. Qe4 Nf6 27. Qe7 Qxf5 28. Qxd6 Ne4 29. Qe5 Qxf2+ 30. Kh2 Nxc3 31. bxc3 Qxa2 32. d5 Rd8 33. d6 Qe6 34. Qxe6 fxe6 35. Rxe6 Rd7 36. Re8+ Kf7 37. Ra8 b6 38. Kg3 Ke6 39. Kf4 Kxd6 40. Kf5 a5 41. h4 Rf7+ 42. Kg6 Rf4 43. Kh5 g6+ 44. Kxh6 Rg4 45. Rc8 Rxg2 46. Rg8 a4 47. h5 a3 48. hxg6 Rh2+ 49. Kg5 Rg2+ 50. Kh6 Rh2+ 51. Kg5 Ke5 1/2-1/2

[Event "LTU-ch Amateurs"]
[Site "Kaunas"]
[Date "2020.08.29"]
[Round "5"]
[White "Valantiejus, Vaidotas"]
[Black "Kurmis, Edvinas"]
[Result "1-0"]
[WhiteElo "2099"]
[BlackElo "1622"]
[PlyCount "79"]
[EventDate "2020.08.27"]
[EventType "swiss"]
[EventRounds "7"]
[EventCountry "LTU"]
[SourceTitle "EXT 2022"]
[Source "ChessBase"]
[SourceDate "2021.10.06"]
[SourceVersion "1"]
[SourceVersionDate "2021.10.06"]
[SourceQuality "1"]

1. e4 e5 2. Nf3 Nc6 3. Bb5 a6 4. Ba4 Nf6 5. 0-0 Nxe4 6. d4 b5 7. Bb3 d5 8. dxe5 Be6 9. Nbd2 Nc5 10. c3 g6 11. Bc2 Bg7 12. Re1 0-0 13. Nb3 Nxb3 14. Bxb3 Na5 15. Be3 Nb7 16. a4 Qd7 17. Qe2 c5 18. Red1 c4 19. Bc2 Qc7 20. Bd4 Nc5 21. h3 Nd7 22. Re1 Rfb8 23. Qd2 Bf8 24. Ng5 b4 25. Qf4 Qd8 26. Nxf7 Bxf7 27. e6 Be8 28. exd7 Qxd7 29. cxb4 Bg7 30. Rad1 Bxd4 31. Qxd4 Rxb4 32. Re5 Bf7 33. Rde1 Ra7 34. h4 Rab7 35. h5 c3 36. Qxc3 d4 37. Qg3 Rxb2 38. hxg6 Rxc2 39. gxf7+ Kxf7 40. Qf4+ 1-0

[Event "LTU-ch Amateurs"]
[Site "Kaunas"]
[Date "2020.08.28"]
[Round "2"]
[White "Misiuk, Martynas"]
[Black "Valantiejus, Vaidotas"]
[Result "0-1"]
[WhiteElo "1561"]
[BlackElo "2099"]
[PlyCount "68"]
[EventDate "2020.08.27"]
[EventType "swiss"]
[EventRounds "7"]
[EventCountry "LTU"]
[SourceTitle "EXT 2022"]
[Source "ChessBase"]
[SourceDate "2021.10.06"]
[SourceVersion "1"]
[SourceVersionDate "2021.10.06"]
[SourceQuality "1"]

1. e4 c5 2. Nc3 Nc6 3. Nge2 e5 4. Nd5 Be7 5. Nec3 Nf6 6. Bc4 0-0 7. 0-0 a6 8. a4 d6 9. d3 h6 10. f4 exf4 11. Bxf4 Ne5 12. Bb3 Ng6 13. Bg3 Be6 14. Nxf6+ Bxf6 15. Bxe6 fxe6 16. Qg4 Bd4+ 17. Kh1 Rf6 18. Rxf6 Qxf6 19. Bxd6 Rd8 20. Bc7 Rf8 21. h3 Ne5 22. Qe2 Rf7 23. Bd6 Qd8 24. Bxe5 Bxe5 25. Rf1 Rxf1+ 26. Qxf1 Qg5 27. Qe1 Qf4 28. Qg1 Qd2 29. Qxc5 Qc1+ 30. Qg1 Qxb2 31. Nd1 Qxc2 32. d4 Bg3 33. d5 Qxe4 34. dxe6 Qxe6 0-1